| 000 | 01160nac a22002651u 4500 | ||
|---|---|---|---|
| 010 | _a 2005297327 | ||
| 020 | _a0517224429 | ||
| 035 | _a(OCoLC)ocm58471303 | ||
| 082 | 0 | 0 |
_a613.7046 _bLYS |
| 090 |
_c7223 _d7223 |
||
| 100 | _aLysycia, Jacqueline Ma | ||
| 245 | 1 | 0 |
_aYoga pilates : _ba balanced workout for healthy living / _cJacqueline May Lysycia. |
| 246 | 1 | _aYogapilates | |
| 260 |
_aNew York : _bGramercy Books,2005 _c2005. |
||
| 300 |
_a96 p. : _bcol. ill. ; _c26 cm. |
||
| 500 | _aOn T.p. verso: "This 2005 edition is published by Gramercy Books, an imprint of Random House Value Publishing, a division of Random House Inc., New York, by arrangement with Mitchell Beazley, Octopus Publishing Group, London". | ||
| 500 | _aIncludes index. | ||
| 500 | _adistributer: Al-Ahram | ||
| 511 | _acatalogued by: wessam | ||
| 650 | 0 | _aPilates method. | |
| 650 | 0 | _aHatha yoga. | |
| 856 | 4 | 2 |
_3Publisher description _uhttp://www.loc.gov/catdir/enhancements/fy0627/2005297327-d.html |
| 942 |
_cBB _k613.7046LYS |
||
| 999 |
_c7223 _d7223 |
||